Ještě několik slov k rekreaci

Bibliographic Details
Main Author: Janda, František (Author)
Format: Article
Language:Czech
Subjects:

MARC

LEADER 00000nab a2200000uu 4500
001 vtls011459958
003 SK-MaSNL
005 20260303210757.0
008 230222|1968 xo |||||||||||||||||cze|
015 |a SNBRB 
035 |a (urnnbn)urn:nbn:sk:snk:ar-a0ab3q 
035 |a (uuid)2af3bf4a-e352-420a-86a3-7bca3dddc6ea 
035 |a urn:nbn:sk:snk-abctz1 
040 |a SNKBUCL  |b slo  |c SNKBUCL  |e AACR2 
041 0 |a cze 
044 |a xo  |c SK 
080 |a 613.74  |2 2001 
080 |a 379.8  |2 2011 
080 |a 159.913  |2 2011 
100 1 |a Janda, František  |4 aut  |9 225753 
245 1 0 |a Ještě několik slov k rekreaci  |c František Janda 
650 0 7 |a rekreácie  |2 SNKPH  |9 114220 
650 0 7 |a voľný čas  |2 SNKPH  |9 3355 
650 0 7 |a psychohygiena  |2 SNKPH  |9 2574 
773 0 |t Životné prostredie : revue pre teóriu a starostlivosť o životné prostredie  |g Roč. 2, č. 5 (1968), s. [265]-[266] 
958 |a OND 
958 |a EUIPO 
958 |a article16 
999 |c 2201628  |d 2203558